00459 2200169 4500001002100000005001500021035002000036008004100056245005300097100002100150260002700171300002900198020002200227084001700249082001100266990001200277INLIS00000000000147020241010102528 a0010-1024000023241010 0 1 aMengennal Ulama Nusantara /cTIM Baitul Mukminin aMukminin, Baitul aJakarta :bEmir,c2019 a306 hlm. ;c14,5 x 21 cm a978-602-0935-87-4 a297.65 TIM m a297.65 a0753734